[Event "Travemuende op 21th"]
[Site "Travemuende"]
[Date "2004.12.29"]
[Round "6"]
[White "Thimm, Torsten"]
[Black "Hansson, Jonathan"]
[Result "1/2-1/2"]
[WhiteElo "2164"]
[BlackElo "2081"]
[PlyCount "63"]
[EventDate "2004.12.27"]
[EventType "swiss"]
[EventRounds "7"]
[EventCountry "GER"]
[SourceTitle "EXT 2006"]
[Source "ChessBase"]
[SourceDate "2005.11.24"]
[SourceVersion "1"]
[SourceVersionDate "2005.11.24"]
[SourceQuality "1"]

1. e4 c6 2. d4 d5 3. exd5 cxd5 4. c4 Nf6 5. Nc3 e6 6. Nf3 Be7 7. a3 0-0 8. Bd3 dxc4 9. Bxc4 Nbd7 10. 0-0 a6 11. Ba2 Nb6 12. Qd3 Nbd5 13. Ne5 Nxc3 14. bxc3 h6 15. c4 b5 16. c5 a5 17. Bd2 Bb7 18. Rfe1 b4 19. axb4 axb4 20. Bb3 Be4 21. Qe3 Qb8 22. Rxa8 Bxa8 23. Ra1 Bd5 24. Ra4 Bxb3 25. Rxb4 Qa8 26. Qxb3 Bxc5 27. dxc5 Qa1+ 28. Qb1 Qxe5 29. Qc1 Rd8 30. h3 Ne4 31. Be3 Nc3 32. f4 1/2-1/2